Catálogo
 En Linea

Dinámica de la población y desarrollo : (Registro nro. 25040)

Detalles MARC
000 -CABECERA
campo de control de longitud fija 01000nam a2200217 a 4500
001 - NÚMERO DE CONTROL
campo de control 000025548
005 - FECHA Y HORA DE LA ÚLTIMA TRANSACCIÓN
campo de control 20200930023852.0
008 - DATOS DE LONGITUD FIJA--INFORMACIÓN GENERAL
campo de control de longitud fija 110217s1971 mx r 000 0 spa d
040 ## - FUENTE DE LA CATALOGACIÓN
Centro catalogador/agencia de origen DO-SdBNP
Lengua de catalogación spa
Centro/agencia transcriptor BNPHU
041 17 - CÓDIGO DE LENGUA
Código de lengua del texto/banda sonora o título independiente spa
Código de lengua original por
Fuente del código Código de idiomas MARC
082 ## - NÚMERO DE LA CLASIFICACIÓN DECIMAL DEWEY
Número de clasificación nn*
Número de documento/Ítem nn*
049 ## - FONDOS LOCALES (OCLC)
Fondos de biblioteca BNGR
100 1# - ENTRADA PRINCIPAL--NOMBRE DE PERSONA
Nombre de persona Singer, Paul Israel.
9 (RLIN) 52215
240 10 - TÍTULO UNIFORME
Título uniforme Dinâmica populacional e desenvolvimento (o papel do crescimiento populacional no desenvolvimento econômico).
Lenguaje de la obra Español
245 10 - MENCIÓN DE TÍTULO
Título Dinámica de la población y desarrollo :
Resto del título el papel del crecimiento demográfico en el desarrollo económico /
Mención de responsabilidad, etc. Paul Israel Singer ; traducción de Cecilia Del-Veechio Galli.
260 ## - PUBLICACIÓN, DISTRIBUCIÓN, ETC.
Lugar de publicación, distribución, etc. México, D. F. :
Nombre del editor, distribuidor, etc. Siglo Veintiuno,
Fecha de publicación, distribución, etc. 1971.
300 ## - DESCRIPCIÓN FÍSICA
Extensión 233 p. ;
Dimensiones 20 cm.
534 ## - NOTA SOBRE LA VERSIÓN ORIGINAL
Encabezamiento principal del original Título original :
Mención de título del original Dinâmica populacional e desenvolvimento (o papel do crescimiento populacional no desenvolvimento econômico)
504 ## - NOTA DE BIBLIOGRAFÍA, ETC.
Nota de bibliografía, etc. Bibliografía : 228-233 p.
700 1# - PUNTO DE ACCESO ADICIONAL--NOMBRE DE PERSONA
Nombre de persona Del-Veechio Galli, Cecilia,
Término indicativo de función/relación tr.
9 (RLIN) 52216
Existencias
Estado de retiro Estado de pérdida Restricciones de uso No para préstamo Código de colección Localización permanente Ubicación/localización actual Ubicación en estantería Fecha de adquisición Número de inventario Total de préstamos Signatura topográfica completa Código de barras Fecha visto por última vez Precio válido a partir de Tipo de ítem Koha
        Monografías: Libros y Folletos General General En catalogación 17.02.2011 LF1   nn* nn* 25548-10 25.06.2020 25.06.2020 Préstamo en sala

Con tecnología Koha